[Event "Robecchetto op-B 25th"]
[Site "Robecchetto"]
[Date "2014.12.26"]
[Round "1"]
[White "Mossolani, Marcello"]
[Black "Barrera, Pietro"]
[Result "1-0"]
[WhiteElo "1750"]
[BlackElo "1879"]
[PlyCount "103"]
[EventDate "2014.12.26"]
[EventType "swiss"]
[EventRounds "6"]
[EventCountry "ITA"]
[SourceTitle "EXT 2017"]
[Source "ChessBase"]
[SourceDate "2016.10.25"]
[SourceVersion "1"]
[SourceVersionDate "2016.10.25"]
[SourceQuality "1"]

1. e4 c5 2. g3 Nc6 3. Bg2 d6 4. Ne2 e5 5. 0-0 Nf6 6. d3 Be7 7. Nbc3 0-0 8. h3 Be6 9. g4 h6 10. f4 exf4 11. Nxf4 Nd7 12. Nce2 Nde5 13. Ng3 Bg5 14. Nfh5 Qb6 15. c3 Rae8 16. Kh1 Bh4 17. Qe2 Qd8 18. Be3 a6 19. Qd2 Kh7 20. Nxg7 Kxg7 21. Nh5+ Kh7 22. Bxh6 Rg8 23. Be3 Qe7 24. b3 Ng6 25. d4 Bc8 26. Rf3 Nd8 27. Raf1 Bd7 28. g5 Bc8 29. Nf6+ Kg7 30. Nxg8 Kxg8 31. Rf6 b6 32. Qe2 Bb7 33. d5 Kg7 34. Qg4 Rh8 35. Qf5 Bc8 36. Qxc8 Qe5 37. Qd7 Bxg5 38. Bxg5 Qxg5 39. Qxd6 Nh4 40. Qh2 Qd2 41. Qg3+ Ng6 42. R6f2 Qh6 43. e5 Re8 44. Qf3 Nxe5 45. Qf5 Ng6 46. Qf6+ Kh7 47. Qxb6 Qg5 48. Rf5 Qh4 49. Qxc5 Qg3 50. d6 Re2 51. Qd5 Kg8 52. d7 1-0

[Event "Pavia Province-ch"]
[Site "Vigevano"]
[Date "2014.02.06"]
[Round "1"]
[White "Pappalardo, Antonio"]
[Black "Barrera, Pietro"]
[Result "0-1"]
[WhiteElo "1703"]
[BlackElo "1905"]
[PlyCount "45"]
[EventDate "2014.02.06"]
[EventType "swiss"]
[EventRounds "6"]
[EventCountry "ITA"]
[SourceTitle "EXT 2015"]
[Source "ChessBase"]
[SourceDate "2014.11.20"]
[SourceVersion "1"]
[SourceVersionDate "2014.11.20"]
[SourceQuality "1"]

1. d4 e6 2. c4 Nf6 3. Nc3 Bb4 4. Qc2 d5 5. e3 0-0 6. Bd3 c5 7. dxc5 Nc6 8. Nge2 dxc4 9. Bxc4 Ne5 10. Qb3 Bxc5 11. 0-0 a6 12. Rd1 Qc7 13. Bd3 Neg4 14. Ng3 h5 15. h4 Bxe3 16. Bxe3 Nxe3 17. Re1 Neg4 18. Nce4 Qf4 19. Nxf6+ Qxf6 20. Nxh5 Qxf2+ 21. Kh1 Qxh4+ 22. Kg1 Qxh5 23. Rad1 0-1

[Event "Robecchetto op-A 24th"]
[Site "Robecchetto"]
[Date "2013.12.28"]
[Round "3"]
[White "Barrera, Pietro"]
[Black "Boschetti, Claudio"]
[Result "0-1"]
[WhiteElo "1912"]
[BlackElo "2111"]
[PlyCount "72"]
[EventDate "2013.12.27"]
[EventType "swiss"]
[EventRounds "6"]
[EventCountry "ITA"]
[SourceTitle "EXT 2015"]
[Source "ChessBase"]
[SourceDate "2014.11.20"]
[SourceVersion "1"]
[SourceVersionDate "2014.11.20"]
[SourceQuality "1"]

1. d4 Nf6 2. Nf3 c5 3. c3 b6 4. Bg5 Bb7 5. Nbd2 e6 6. e3 a6 7. Bd3 d6 8. 0-0 Nbd7 9. Re1 h6 10. Bxf6 gxf6 11. e4 Rg8 12. Qe2 Be7 13. Rad1 Qc7 14. d5 b5 15. c4 b4 16. Nf1 0-0-0 17. Bc2 Rg7 18. Ng3 Rdg8 19. h3 h5 20. h4 Rg4 21. Qe3 Bf8 22. Bd3 Ne5 23. Bf1 R8g6 24. Nxe5 fxe5 25. Be2 Bh6 26. Qb3 Rxh4 27. Qa4 Rg8 28. Rd3 Bf4 29. Qd1 exd5 30. cxd5 c4 31. Rf3 Rxg3 32. fxg3 Qc5+ 33. Rf2 Bxg3 34. Ref1 Rxe4 35. Bxh5 Bxf2+ 36. Rxf2 Rf4 0-1

[Event "Robecchetto Spring op 8th"]
[Site "Robecchetto"]
[Date "2011.05.19"]
[Round "7"]
[White "Barrera, Pietro"]
[Black "Madaschi, Sergio"]
[Result "1-0"]
[WhiteElo "1884"]
[BlackElo "1620"]
[PlyCount "57"]
[EventDate "2011.04.07"]
[EventType "swiss"]
[EventRounds "7"]
[EventCountry "ITA"]
[SourceTitle "EXT 2024"]
[Source "ChessBase"]
[SourceDate "2023.10.10"]
[SourceVersion "1"]
[SourceVersionDate "2023.10.10"]
[SourceQuality "1"]

1. d4 d5 2. Nf3 Nf6 3. Bg5 Nbd7 4. e3 e6 5. Bd3 c5 6. c3 b6 7. Nbd2 Be7 8. 0-0 Bb7 9. Re1 Ne4 10. Bf4 0-0 11. h3 h6 12. Ne5 Ndf6 13. f3 Nxd2 14. Qxd2 c4 15. Bc2 b5 16. e4 dxe4 17. fxe4 Rb8 18. Nf3 Nh7 19. Bxb8 Qxb8 20. e5 Ng5 21. Nxg5 Bxg5 22. Qe2 Bh4 23. Rf1 Qa8 24. Rf4 Be7 25. Raf1 Qe8 26. Qg4 Bg5 27. Re4 f5 28. exf6 Bxe4 29. Qxe4 1-0

[Event "Bratto op-B 28th"]
[Site "Bratto"]
[Date "2008.08.24"]
[Round "2"]
[White "Barrera, Pietro"]
[Black "Guzzetti, Luigi Enrico"]
[Result "0-1"]
[WhiteElo "1881"]
[BlackElo "1739"]
[PlyCount "84"]
[EventDate "2008.08.23"]
[EventType "swiss"]
[EventRounds "9"]
[EventCountry "ITA"]
[SourceTitle "EXT 2011"]
[Source "ChessBase"]
[SourceDate "2010.11.26"]
[SourceVersion "1"]
[SourceVersionDate "2010.11.26"]
[SourceQuality "1"]

1. d4 Nf6 2. Nf3 g6 3. Bg5 Bg7 4. e3 d6 5. Bd3 Nbd7 6. Nbd2 a6 7. c3 0-0 8. Qc2 c5 9. 0-0 b5 10. b3 Bb7 11. Rad1 Rc8 12. Qb1 Qb6 13. e4 h6 14. Be3 Ng4 15. dxc5 dxc5 16. c4 Nxe3 17. fxe3 b4 18. Rf2 Nf6 19. h3 Rcd8 20. Nh4 Qd6 21. Ndf3 Bxe4 22. Rfd2 Bxd3 23. Rxd3 Qc7 24. e4 Nh5 25. Qc1 Rxd3 26. Rxd3 Nf4 27. Rd2 Bc3 28. Rc2 Kh7 29. Qe3 Qd6 30. Rf2 e5 31. Kh2 Ne6 32. g3 Kg7 33. Rg2 Rd8 34. g4 Nf4 35. Rg3 a5 36. g5 h5 37. Rg1 Bd4 38. Nxd4 cxd4 39. Qf3 d3 40. Rg3 Qd4 41. Ng2 Nxg2 42. Qf6+ Kg8 0-1